Contemporary feminist theories (Record no. 20105)
[ view plain ]
| 000 -LEADER | |
|---|---|
| fixed length control field | 00567nam a2200205 a 4500 |
| 001 - CONTROL NUMBER | |
| control field | 157797 |
| 003 - CONTROL NUMBER IDENTIFIER | |
| control field | OSt |
| 005 - DATE AND TIME OF LATEST TRANSACTION | |
| control field | 20211220155731.0 |
| 008 - FIXED-LENGTH DATA ELEMENTS--GENERAL INFORMATION | |
| fixed length control field | 200626 ### ENG |
| 020 ## - INTERNATIONAL STANDARD BOOK NUMBER | |
| International Standard Book Number | 9788131604403 |
| 082 ## - DEWEY DECIMAL CLASSIFICATION NUMBER | |
| Classification number | 305.4 |
| Item number | C76C |
| 245 ## - TITLE STATEMENT | |
| Title | Contemporary feminist theories |
| Statement of responsibility, etc | edited by Stevi Jackson and Jackie Jones |
| 260 ## - PUBLICATION, DISTRIBUTION, ETC. (IMPRINT) | |
| Place of publication, distribution, etc | Jaipur |
| Name of publisher, distributor, etc | Rawat publication |
| Date of publication, distribution, etc | 2011 |
| 300 ## - PHYSICAL DESCRIPTION | |
| Extent | vi, 271p. |
| 653 ## - INDEX TERM--UNCONTROLLED | |
| Uncontrolled term | Feminist theory |
| 653 ## - INDEX TERM--UNCONTROLLED | |
| Uncontrolled term | Women--Social conditions |
| 700 ## - ADDED ENTRY--PERSONAL NAME | |
| Personal name | Jackson, Stevi |
| Relator term | Editor |
| 700 ## - ADDED ENTRY--PERSONAL NAME | |
| Personal name | Jones, Jackie |
| Relator term | Editor |
| 942 ## - ADDED ENTRY ELEMENTS (KOHA) | |
| Source of classification or shelving scheme | Dewey Decimal Classification |
| Koha item type | Books |
| Withdrawn status | Lost status | Source of classification or shelving scheme | Damaged status | Not for loan | Collection code | Home library | Current library | Date acquired | Source of acquisition | Total Checkouts | Full call number | Barcode | Date last seen | Date checked out | Price effective from | Koha item type |
|---|---|---|---|---|---|---|---|---|---|---|---|---|---|---|---|---|
| Dewey Decimal Classification | General Text Book | Central University Of Rajasthan | Central University Of Rajasthan | 26/06/2020 | ENG | 1 | 305.4 C76C | 33406 | 25/07/2023 | 11/07/2023 | 02/09/2020 | Books |
